Condiciones e indicadores del desarrollo sostenible en un marco ecológico-económico /

Guardado en:
Bibliografiske detaljer
Hovedforfatter: Faucheux, Silvie
Format: Texto
Fag:
Tags: Tilføj Tag
Ingen Tags, Vær først til at tagge denne postø!

MARC

LEADER 00000 a a2200000 04500
001 42303
003
040
100 |a Faucheux, Silvie  
245 |a Condiciones e indicadores del desarrollo sostenible en un marco ecológico-económico /  |c Silvie Faucheux  
650 |a DESARROLLO SOSTENIBLE  
650 |a CRECIMIENTO ECONOMICO  
650 |a MEDIO AMBIENTE  
650 |a RECURSOS NATURALES  
650 |a ENERGIA  
773 |g volumen25, número99 (1994), páginas 205-225  
999 |c 25928  |d 25928